000 00737nam0a22002411 4500
001 rc\62581
005 20021216130012.3
010 _a5-8444-0113-1
_91000
035 _a(NLR Aleph) 005337706
090 _a6659726
_c6659726
100 _a20021216d1994 u |0rusy50 ca
101 0 _arus
102 _aRU
105 _aa |||||||||
200 1 _aЯ тянусь к тебе зимними снами
_e[Стихи]
_fАлексей Евдонов
_g[Худож. С. Голышев]
210 _aМ.
_cПуть
_d1994
215 _a32 с.
_cил.
_d17
700 1 _aЕвдонов
_bА. Н.
_gАлексей Николаевич
801 0 _aRU
_bNLR
_gpsbo
801 1 _aRU
_bELAR
_2rusmarc
852 _aNLR
_j95-2/76
942 _cBOOK
980 _aNB